| 000 | 00560nam a2200193Ia 4500 | ||
|---|---|---|---|
| 005 | 20250508164946.0 | ||
| 008 | 008 250505s9999 xx 000 0 eng d | ||
| 037 | _aDissertations | ||
| 040 |
_aFEDL _beng _cFEDL |
||
| 041 |
_aeng _2eng |
||
| 084 |
_a370, SHR/DI _qFEDL |
||
| 100 |
_aShrivastava Chandan _9779588 |
||
| 245 | 0 | _aEducational issues in constituent assembly debate (1946-1949) | |
| 260 | _c2010 | ||
| 300 | _a75p. | ||
| 546 | _aM.Ed. Dissertation (Delhi University) | ||
| 942 |
_cDIS _h370, SHR/DI |
||
| 999 |
_c1392280 _d1392280 |
||